| 000 | 01013nam a2200241 a 4500 | ||
|---|---|---|---|
| 001 | 000029897 | ||
| 003 | OSt | ||
| 005 | 20260305073951.0 | ||
| 008 | 110426s1986 dr 000 0 spa d | ||
| 040 |
_aDO-SdBNP _bspa _cBNPHU |
||
| 082 | 4 |
_a330.97293 _bP855d _222 |
|
| 245 | 0 | 0 |
_aPosibilidades de desarrollo de la región del este / _ceditor, Frank Moya Pons. |
| 260 |
_aSanto Domingo : _bFORUM, _c1986. |
||
| 300 |
_a70 p. ; _c22 cm. |
||
| 490 | 0 |
_aFORUM ; _v25 |
|
| 500 | _aEste libro recorre las exposiciones que fueron presentadas en el encuentro sobre las posibilidades de desarrollo de la región del este, celebrado por FORUM en la Casa de la Cultura de La Romana, el domingo 29 de septiembre de 1985. | ||
| 651 | 4 |
_aRepública Dominicana _xCondiciones económicas _9281 |
|
| 651 | 4 |
_aLa Romana (República Dominicana) _xCondiciones económicas _946366 |
|
| 700 | 1 |
_aMoya Pons, Frank, _d1944- _eed. _92095 |
|
| 830 | 0 |
_aFORUM _v25 _97431 |
|
| 910 | _aValidado. Control de calidad MFF | ||
| 942 |
_2ddc _cLBS1 |
||
| 999 |
_c29389 _d29389 |
||